|
|
|
|
| LEADER |
00000nab a2200000 a 4500 |
| 001 |
vtls008849883 |
| 003 |
SK-MaSNL |
| 005 |
20260426090713.0 |
| 008 |
250526c2006 xo |||||||||||000 b|slo |
| 015 |
|
|
|a SNBRB2006/09
|2 snkbucl
|
| 035 |
|
|
|a (uuid)f0bf9d91-9740-48b6-9f72-e607e5f6b6e9
|
| 035 |
|
|
|a urn:nbn:sk:snk-abxvu
|
| 035 |
|
|
|a (urnnbn)urn:nbn:sk:snk:ar-005blr
|
| 038 |
|
|
|a SNKBUCL
|
| 040 |
|
|
|a SNKBUCL
|b slo
|c SNKBUCL
|e AACR2
|
| 041 |
0 |
|
|a slo
|
| 044 |
|
|
|a xo
|c SK
|
| 080 |
|
|
|a 630*97
|x (437.6)
|x (4)
|2 1997
|
| 080 |
|
|
|a 630
|x (437.6)
|x (4)
|2 1997
|
| 100 |
1 |
|
|a Fillo, Ján
|4 ivr
|4 aut
|9 5020
|
| 245 |
1 |
0 |
|a Kam mieri slovenské lesníctvo?
|b kroky najvyšších predstaviteľov lesníctva európskych krajín mieria na Slovensko
|c Ján Fillo, Ján Ilavský
|
| 300 |
|
|
|b Fotogr.
|
| 610 |
2 |
7 |
|a Európska lesnícka komisia
|x zasadanie
|2 snkbucl
|9 1502746
|
| 648 |
|
7 |
|a 2006
|2 snkbucl
|9 313148
|
| 650 |
0 |
7 |
|a lesné hospodárstvo
|2 snkbucl
|9 1256
|
| 650 |
0 |
7 |
|a lesníctvo
|2 snkbucl
|9 1255
|
| 651 |
|
7 |
|a Slovensko
|2 snkbucl
|9 14231
|
| 651 |
|
7 |
|a Európa
|2 snkbucl
|9 167569
|
| 700 |
1 |
|
|a Ilavský, Ján,
|d 1945-
|4 aut
|9 125847
|
| 773 |
0 |
|
|t Slovenské lesokruhy & Les
|g Roč. 5/62, č. máj - jún (2006), s. 40-43
|x 1336-9237
|
| 850 |
|
|
|a Slovenská národná knižnica
|
| 852 |
|
|
|a Slovenská národná knižnica
|
| 954 |
|
|
|a odborná, vedecká literatúra pôvodná (slovenská)
|2 lita
|
| 958 |
|
|
|a ONDV
|
| 958 |
|
|
|a article2022
|
| 958 |
|
|
|a SK
|
| 999 |
|
|
|c 3000474
|d 3002404
|